Ontologia /
Guardado en:
| Autor principal: | |
|---|---|
| Formato: | Libro |
| Idioma: | latín |
| Edición: | 10a edición |
| Colección: | (Summa Philosophiae Christianae ;
3) |
| Temas: | |
| Etiquetas: |
Sin etiquetas, Sé el primero en etiquetar este registro!
|
MARC
| LEADER | 00000nam^a2200000^a^4500 | ||
|---|---|---|---|
| 001 | 000387043 | ||
| 005 | 20250521000000.0 | ||
| 009 | 20260310121017.113 | ||
| 037 | |a Acervo Xavier Clavigero | ||
| 041 | |a LAT | ||
| 082 | |a 111. |b DON | ||
| 100 | |a Donat, Josepho |e (autor) | ||
| 245 | 1 | 0 | |a Ontologia / |c J. Donat. |
| 250 | |a 10a edición |b revisada | ||
| 264 | |a Innsbruck, Austria : |b Rauch, |c 1953 | ||
| 300 | |a VIII, 218 p. | ||
| 336 | |a texto |b txt |2 rdacontenido | ||
| 337 | |a sin mediación |b n |2 rdamedio | ||
| 338 | |a volumen |b nc |2 rdasoporte | ||
| 440 | 1 | |a (Summa Philosophiae Christianae ; |v 3) | |
| 561 | |a Ex libris de Instituto de Literatura Puente Grande, Jal. | ||
| 561 | |a Ex libris de Bibl. Iunioratus Dom. Prob. S. Ioseph | ||
| 561 | |a Ex libris de Bibliotheca Collegii Maximi Prov. Mexicanae, S.J. | ||
| 561 | |a Ex libris de Jose G. Vergara S.J. | ||
| 561 | |a Ex libris manuscrito de J.G. Vergara | ||
| 649 | |a XX | ||
| 650 | |a Belleza Personal | ||
| 650 | |a Infinito | ||
| 650 | |a Causalidad | ||
| 650 | |a Substancia (Filosofía) | ||
| 650 | |a Hilomorfismo | ||
| 650 | |a Ontología - |x Tema Principal | ||
| 650 | |a Filosofía - |x Historia y Crítica | ||
| 910 | |a Fondo General | ||
| 920 | |a Impresos - Libros | ||
| 930 | |a Colección General | ||
| 905 | |a 101 | ||
| 901 | |a 012855 |b IT1 |c ACC |u 20250521 | ||
| 902 | |a https://opac.biblio.iteso.mx/vufind/Record/000387043 | ||